000 00944nam a2200301 i 4500
003 EG-GICUC
005 20260121101211.0
008 251111s1978 -uk |f |||| 001 0 eng d
020 _a0719007089
040 _aEG-GiCUC
_beng
_cEG-GiCUC
_dEG-GiCUC
_erda
041 0 _aeng
082 0 4 _221
_a338.9
_bBU . P
092 0 4 _221
099 _aLaw1 13 338.9 BU . P 1978
100 1 _aBudd ,Alan
_eAuthor.
245 1 4 _aThe Politics Of Economic Planning /
_cAlan Budd.
264 3 _aManchester :
_bManchester University Press,
_c1978.
300 _a172 pages ;
_c24 cm.
336 _2rda content
_atext
337 _2rda media
_aComputer
338 _2rda carrier
_aOnline Resource
504 _aIncludes bibliographical references and index.
546 _aText in English
650 1 4 _aPublic finance and tax legislation
856 4 0 _uhttps://fll.law.cu.edu.eg/fulltext/bks/B13-07512.pdf
905 _a48
942 _2ddc
_cBK
_e21
_n0
999 _c42657
_d42657